Handbook of Composite Reinforcements.

Annotation

Bibliographic Details
Corporate Author: Knovel (Firm)
Other Authors: Lee, Stuart M. (Editor)
Format: eBook
Language:English
Language Notes:English.
Published: Hoboken : John Wiley and Sons Nov. 1992.
Subjects:
Online Access:Connect to the full text of this electronic book

MARC

Tag First Indicator Second Indicator Subfields
LEADER 00000cam a2200000M 4500
001 in00004637421
006 m o d
007 cr |n|||||||||
008 961218e19921130njua o 000 0 eng d
005 20230110223836.8
035 |a (OCoLC)ocn468760785 
040 |a COO  |b eng  |e pn  |c COO  |d YDXCP  |d OCLCQ  |d UAB  |d ZCU  |d STF  |d ERL  |d COO  |d KNOVL  |d OCLCF  |d OCLCO  |d OCLCQ  |d OCLCO  |d CEF  |d RRP  |d AU@  |d OCLCQ  |d WYU  |d OCLCQ  |d SFB  |d OCLCO 
019 |a 227973269  |a 1059058684  |a 1097027536  |a 1136230942  |a 1167332897  |a 1264838572 
020 |a 9780471188612 
020 |a 0471188611  |q (Trade Paper) 
020 |a 1601195427 
020 |a 9781601195425 
035 |a (OCoLC)468760785  |z (OCoLC)227973269  |z (OCoLC)1059058684  |z (OCoLC)1097027536  |z (OCoLC)1136230942  |z (OCoLC)1167332897  |z (OCoLC)1264838572 
037 |b 00028608 
050 4 |a TA418.9.C6 
082 0 4 |a 620.1/18  |2 20 
049 |a TXAM 
100 1 |a Lee, Stuart M.,  |e editor  |4 edt 
245 1 0 |a Handbook of Composite Reinforcements. 
260 |a Hoboken :  |b John Wiley and Sons  |c Nov. 1992. 
300 |a 1 online resource (715 pages)  |b illustrations 
336 |a text  |b txt  |2 rdacontent 
337 |a computer  |b c  |2 rdamedia 
338 |a online resource  |b cr  |2 rdacarrier 
521 |a Trade  |b John Wiley and Sons, Incorporated. 
520 8 |a Annotation  |b This comprehensive single volume handbook covers every aspect of reinforcement science, from hands-on subjects, such as manual 'lay-up' processing, to theoretical discussions concerning rheology and modeling. Taken from the recently published six volume International Encyclopedia of Composites, this reference volume offers scholarly and practical knowledge of distinguished industry-experts, academics, and government researchers in one accessible and informative handbook.<br /><br />Fibers, processes, and composite reinforcement types, as well as relevant miscellaneous subjects such as property relationships, manufacturing, hybrid reinforcements, and modeling are given detailed treatment. Engineers, materials scientists, and technologists will find the Composite Reinforcement Handbook an invaluable tool. 
546 |a English. 
650 0 |a Composite materials. 
650 6 |a Composites. 
650 7 |a composite material.  |2 aat 
650 7 |a Composite materials.  |2 fast  |0 (OCoLC)fst00871682 
655 7 |a Electronic books.  |2 local 
710 2 |a Knovel (Firm) 
776 0 |z 0-471-18861-1 
856 4 0 |u http://proxy.library.tamu.edu/login?url=https://app.knovel.com/hotlink/toc/id:kpHCR00002/handbook-of-composite?kpromoter=marc  |z Connect to the full text of this electronic book  |t 0 
955 |a Knovel ebooks 
994 |a 92  |b TXA 
999 f f |s a9ba7d2d-cd91-4cf7-8735-ced8cc473bd1  |i eab9a802-925b-4f1b-921b-82dfcac0e422  |t 0 
952 f f |a Texas A&M University  |b College Station  |c Electronic Resources  |d Available Online  |t 0  |e TA418.9.C6   |h Library of Congress classification 
998 f f |a TA418.9.C6   |t 0  |l Available Online